Pesticide remediation in soils and water / (Record no. 332328)

000 -LEADER
fixed length control field 01402cam a2200325 a 4500
001 - CONTROL NUMBER
control field 711322
003 - CONTROL NUMBER IDENTIFIER
control field NUST
005 - DATE AND TIME OF LATEST TRANSACTION
control field 20171124115201.0
008 - FIXED-LENGTH DATA ELEMENTS--GENERAL INFORMATION
fixed length control field 971202s1998 enka bi 001 0 eng
010 ## - LIBRARY OF CONGRESS CONTROL NUMBER
LC control number 97048848
020 ## - INTERNATIONAL STANDARD BOOK NUMBER
International Standard Book Number 0471968056 (hardcover : alk. paper)
035 ## - SYSTEM CONTROL NUMBER
System control number (DLC) 97048848
040 ## - CATALOGING SOURCE
Original cataloging agency DLC
Transcribing agency DLC
Modifying agency DLC
050 00 - LIBRARY OF CONGRESS CALL NUMBER
Classification number TD879.P37
Item number P44 1998
082 00 - DEWEY DECIMAL CLASSIFICATION NUMBER
Classification number 628.529 PES
Edition number 21
245 00 - TITLE STATEMENT
Title Pesticide remediation in soils and water /
Statement of responsibility, etc. edited by Philip C. Kearney and Terry Roberts.
260 ## - PUBLICATION, DISTRIBUTION, ETC.
Place of publication, distribution, etc. Chichester ;
-- New York :
Name of publisher, distributor, etc. Wiley,
Date of publication, distribution, etc. c1998.
300 ## - PHYSICAL DESCRIPTION
Extent xv, 381 p. :
Other physical details ill. ;
Dimensions 24 cm.
440 #0 - SERIES STATEMENT/ADDED ENTRY--TITLE
Title Wiley series in agrochemicals and plant protection
9 (RLIN) 6763
500 ## - GENERAL NOTE
General note H.B
504 ## - BIBLIOGRAPHY, ETC. NOTE
Bibliography, etc. note Includes bibliographical references and index.
650 #0 - SUBJECT ADDED ENTRY--TOPICAL TERM
Topical term or geographic name entry element Pesticides
General subdivision Environmental aspects.
9 (RLIN) 6764
650 #0 - SUBJECT ADDED ENTRY--TOPICAL TERM
Topical term or geographic name entry element Soil remediation.
9 (RLIN) 6465
650 #0 - SUBJECT ADDED ENTRY--TOPICAL TERM
Topical term or geographic name entry element Water
General subdivision Purification.
9 (RLIN) 264
700 1# - ADDED ENTRY--PERSONAL NAME
Personal name Kearney, P. C.
Fuller form of name (Philip C.),
Dates associated with a name 1932-
9 (RLIN) 6765
700 1# - ADDED ENTRY--PERSONAL NAME
Personal name Roberts, T. R.
Fuller form of name (Terence Robert),
Dates associated with a name 1943-
9 (RLIN) 6766
856 42 - ELECTRONIC LOCATION AND ACCESS
Materials specified Publisher description
Uniform Resource Identifier <a href="http://www.loc.gov/catdir/description/wiley032/97048848.html">http://www.loc.gov/catdir/description/wiley032/97048848.html</a>
856 4# - ELECTRONIC LOCATION AND ACCESS
Materials specified Table of Contents
Uniform Resource Identifier <a href="http://www.loc.gov/catdir/toc/onix03/97048848.html">http://www.loc.gov/catdir/toc/onix03/97048848.html</a>
906 ## - LOCAL DATA ELEMENT F, LDF (RLIN)
a 7
b cbc
c orignew
d 1
e ocip
f 19
g y-gencatlg
942 ## - ADDED ENTRY ELEMENTS (KOHA)
Source of classification or shelving scheme
Koha item type Book
Call number prefix IESE
Holdings
Withdrawn status Lost status Source of classification or shelving scheme Damaged status Not for loan Collection code Permanent Location Current Location Shelving location Date acquired Total Checkouts Full call number Barcode Date last seen Price effective from Koha item type
            Institute of Environmental Science and Engineering (IESE) Institute of Environmental Science and Engineering (IESE) General Stacks 11/24/2017   628.529 PES IESE-11 11/24/2017 11/24/2017 Book
© 2023 Central Library, National University of Sciences and Technology. All Rights Reserved.